banner-ar

اسلاميات / (Record no. 52543)

MARC details
000 -الفاتح
حقل البيانات ثابتة الطول 00544nam a2200181Ia 4500
005 - وقت وتاريخ اخر تعامل مع التسجيلة
رقم الضبط 20240530105022.0
008 - عناصر البيانات ثابتة الطول - معلومات عامة
حقل البيانات ثابتة الطول 140319s9999 xx 000 0 ara d
040 ## - مصدر الفهرسة
وكالة الفهرسة الأصلية GCL /
وكالة النسخ GCL
082 04 - رقم تصنيف ديوى العشرى
رقم التصنيف 810.9
رقم المادة م ا
100 0# - المدخل الرئيسى - إسم شخصى
الإسم الشخصى محمد حسين هيكل
245 10 - بيان العنوان
العنوان اسلاميات /
بيان المسئوليه,etc محمد حسين هيكل ، محمد مهدى علام
260 ## - PUBLICATION, DISTRIBUTION, ETC. (IMPRINT)
تاريخ النشر أو التوزيع 1990
300 ## - الوصف المادى
التعداد 255 ص
650 04 - المدخل الاضافى بالموضوع-مصطلح موضوعى
مصطلح موضوعي الاسلام والحضارة
700 0# - المدخل الاضافى - اسم شخصى
الإسم الشخصى محمد مهدى علام
942 ## - عناصر المدخل الإضافي( كوها)
مصدر التصنيف او مخطط الترفيف Dewey Decimal Classification
Koha [default] item type كتاب
260 ## - PUBLICATION, DISTRIBUTION, ETC. (IMPRINT)
-- [S.N] :
-- مودى جرافيك ،
Holdings
حالة التراجع حالة الفقد حالة تلف ليس للاعارة المكان المؤقت الموقع الحالى تاريخ الاكتساب اجمالي اﻻعارات رقم الطلب الباركود تاريخ اخر مشاهدة تاريخ تفعيل السعر نوع وعاء كوها مصدر التصنيف او خطة الترفيف
        مكتبة القاهرة الكبرى مكتبة القاهرة الكبرى 03/26/2014   810.9\م ا 125876 03/26/2014 03/26/2014 كتاب  
        مكتبة القاهرة الكبرى مكتبة القاهرة الكبرى 03/26/2014   810.9\م ا 125877 03/26/2014 03/26/2014 كتاب  
        مكتبة القاهرة الكبرى مكتبة القاهرة الكبرى 03/26/2014   810.9\م ا 125878 03/26/2014 03/26/2014 كتاب  
        مكتبة القاهرة الكبرى مكتبة القاهرة الكبرى 03/26/2014   810.9\م ا 125879 03/26/2014 03/26/2014 كتاب  
        مكتبة القاهرة الكبرى مكتبة القاهرة الكبرى 03/05/2022   810.9\ م ا 167543 03/05/2022 03/05/2022 كتاب ddc
        مكتبة القاهرة الكبرى مكتبة القاهرة الكبرى 03/05/2022   810.9\ م ا 167544 03/05/2022 03/05/2022 كتاب ddc
        مكتبة القاهرة الكبرى مكتبة القاهرة الكبرى 03/05/2022   810.9\ م ا 167545 03/05/2022 03/05/2022 كتاب ddc

Powered By

EGPV